00445pam a2200145a 44500008004100000020000900041041000800050082000900058100003500067245015000102250000600252260002300258300000900281650000900290230515b2003 xxu||||| |||| 00| 0 eng d aNULL aENG aN.D. aMr Jimmy Mr Natwarlal Ms Manju aA study to assess the dietary habits and its relationship to dietary problems in the antenatal periocl of selected pregnaant womanurban community a0 aNULLb", , "c2003 aNULL aNULL